5HLuxD.jpg

KING HENRY VIII SENIOR AND PRIMARY SCHOOL LIBRARY OPAC

When Sophie's feelings are really, really hurt / (Record no. 5000)

000 -LEADER
fixed length control field 00493cam a2200157 i 4500
008 - FIXED-LENGTH DATA ELEMENTS--GENERAL INFORMATION
fixed length control field 141210s2015 nyua b 000 1 eng c
010 ## - LIBRARY OF CONGRESS CONTROL NUMBER
LC control number 2014043593
020 ## - INTERNATIONAL STANDARD BOOK NUMBER
International Standard Book Number 9780545788311 (hardcover : alk. paper)
050 00 - LIBRARY OF CONGRESS CALL NUMBER
Classification number PZ7.B2217
Item number Wk 2015
082 04 - DEWEY DECIMAL CLASSIFICATION NUMBER
Classification number 813.69 BAN
Edition number 23
100 1# - MAIN ENTRY--PERSONAL NAME
Personal name Bang, Molly,
Relator term author.
245 10 - TITLE STATEMENT
Title When Sophie's feelings are really, really hurt /
Statement of responsibility, etc. by Molly Bang.
250 ## - EDITION STATEMENT
Edition statement First edition.
300 ## - PHYSICAL DESCRIPTION
Extent 1 volume (unpaged) :
Other physical details color illustrations ;
Dimensions 26 cm
942 ## - ADDED ENTRY ELEMENTS (KOHA)
Source of classification or shelving scheme
Holdings
Withdrawn status Lost status Source of classification or shelving scheme Damaged status Not for loan Collection code Permanent Location Current Location Shelving location Date acquired Full call number Barcode Date last seen Price effective from Koha item type Public note
          Fiction KH8 Primary School Library KH8 Primary School Library Fiction 2025-05-09 E FIC BAN KHPL000006939 2025-12-05 2025-05-09 Books - Fiction KH8 PRIMARY LIBRARY

Powered By KH8 IT Dept